| 000 | 00932nam a2200301 a 4500 | ||
|---|---|---|---|
| 999 |
_c22656 _d22656 |
||
| 001 | C00605473 | ||
| 003 | OSt | ||
| 005 | 20230103090808.0 | ||
| 007 | ta | ||
| 008 | 220321s2021 pe a gr 000 f spa | ||
| 017 | _a2021-07728 | ||
| 020 | _a9786124799495 | ||
| 040 |
_apelibn _bspa _erda _cpelibn |
||
| 082 | 1 | 4 |
_a869.56/M2297W _bM2297W |
| 100 | 1 |
_aManya Salas, J. Jesús, _d1957-, _eautor. _948803 |
|
| 245 | 1 | 0 |
_aWillka waman : _bkillku warak'aq willakuynin / _cJesús Manya Salas |
| 246 | 0 | 5 | _akillku warak'a willakuynin waman |
| 250 | _aPrimera edición | ||
| 264 | 3 | 1 |
_aLima : _bMontacerdos Oficial, _c2021. |
| 300 |
_a64 páginas : _bilustraciones ; _c20 cm. |
||
| 336 |
_aTexto _2rdacontent |
||
| 337 |
_asin mediación _2rdamedia |
||
| 338 |
_avolumen _2rdacarrier |
||
| 650 | 1 | 8 |
_aPoesías peruanas _y-Siglo XX. _948129 |
| 650 | 2 | 8 |
_aLengua quechua _v-Libros de lectura. _948804 |
| 942 |
_2ddc _cLIBROS |
||